00965 2200313 4500001002100000005001500021035002000036007000300056008004100059020002100100082001600121084001800137100002700155245010800182250002600290300002400316650002200340700003900362264004400401336002100445337003000466338002300496040002200519090002200541850001200563504003200575999002200607990002200629INLIS00000000086056920210603105859 a0010-0621000104ta210603s2020 yoi g ind d a978-623-6992-06704223a616.462 a616.462 KUS a0 aKusbaryantoePengarang10aAktivitas fisik dan kontrol pola makan lansia diabetes mellitus /cKusbaryanto, Mahendro Praseto Kusumo aCetakan pertama, 2020 a25 halaman ;c20 cm 4aDiabetes mellitus0 aMahendro Praseto KusumoePengarang31aSleman :bThe Journal Publishing,c2020 2rdacontentateks 2rdamediaatanpa perantara 2rdacarrieravolume aYOPDYOGbinderda aCB-D.11 2020-2166 aYOPDYOG aBibliografi : halaman 23-25 aCB-D.11/2020-2166 aCB-D.11/2020-2166